Alleged medical malpractice prevalence in Egypt : (رقم التسجيلة. 60525)
[ عرض عادي ]
| 000 -LEADER | |
|---|---|
| fixed length control field | 02529cam a2200349 a 4500 |
| 003 - CONTROL NUMBER IDENTIFIER | |
| control field | EG-GiCUC |
| 005 - DATE AND TIME OF LATEST TRANSACTION | |
| control field | 20250223031712.0 |
| 008 - FIXED-LENGTH DATA ELEMENTS--GENERAL INFORMATION | |
| fixed length control field | 170403s2016 ua d f m 000 0 eng d |
| 040 ## - CATALOGING SOURCE | |
| Original cataloging agency | EG-GiCUC |
| Language of cataloging | eng |
| Transcribing agency | EG-GiCUC |
| 041 0# - LANGUAGE CODE | |
| Language code of text/sound track or separate title | eng |
| 049 ## - LOCAL HOLDINGS (OCLC) | |
| Holding library | Deposite |
| 097 ## - Thesis Degree | |
| Thesis Level | M.Sc |
| 099 ## - LOCAL FREE-TEXT CALL NUMBER (OCLC) | |
| Classification number | Cai01.11.13.M.Sc.2016.He.A |
| 100 0# - MAIN ENTRY--PERSONAL NAME | |
| Personal name | Heba Abdullah Mustafa Eid |
| 245 10 - TITLE STATEMENT | |
| Title | Alleged medical malpractice prevalence in Egypt : |
| Remainder of title | A retrospective study during the years 2009, 2010 / |
| Statement of responsibility, etc. | Heba Abdullah Mustafa Eid ; Supervised Eman Abdelfattah Elzohairy , Eman Muhammed Fawzy Gaballah , Ghada Hassaballah Abdullah Hasabo |
| 246 15 - VARYING FORM OF TITLE | |
| Title proper/short title | معدل إدعاءات سوء الممارسه الطبية في مصر : |
| Remainder of title | دراسه إسترجاعيه لعامي2009, 2010 |
| 260 ## - PUBLICATION, DISTRIBUTION, ETC. | |
| Place of publication, distribution, etc. | Cairo : |
| Name of publisher, distributor, etc. | Heba Abdullah Mustafa Eid , |
| Date of publication, distribution, etc. | 2016 |
| 300 ## - PHYSICAL DESCRIPTION | |
| Extent | 111 P. : |
| Other physical details | charts ; |
| Dimensions | 25cm |
| 502 ## - DISSERTATION NOTE | |
| Dissertation note | Thesis (M.Sc.) - Cairo University - Faculty of Medicine - Department of Forensic Medicine - Toxicology |
| 520 ## - SUMMARY, ETC. | |
| Summary, etc. | Malpractice actions against doctors are not a new thing but the increased frequency of such actions and the damage amounts obtained can increase till they threaten the delivery of medical services. At this point we begin to speak of a medical malpractice crisis. This cross-sectional study aims to revise the closed claims of malpractice investigated by the medico legal authority through the years 2009 and 2010 to throw the light on the medical malpractice in Egypt, evaluate their prevalence, as well as their distribution in different (governorates and health care sectors). The study found that most of malpractice claims involved females above the age of 18 years old from the Delta& Alexandria region. The majority of claims occurred in private health care sectors. The commonest branches to be accused were general surgery& obstetrics/ gynecology .However unsatisfied outcome was the commonest outcome in the studied claims. The majority of defendant health care sectors were male specialists. Malpractice didn't approve in the majority of claims. Negligence was the commonest cause in proved malpractice cases |
| 530 ## - ADDITIONAL PHYSICAL FORM AVAILABLE NOTE | |
| Additional physical form available note | Issued also as CD |
| 653 #4 - INDEX TERM--UNCONTROLLED | |
| Uncontrolled term | Claims |
| 653 #4 - INDEX TERM--UNCONTROLLED | |
| Uncontrolled term | Damage |
| 653 #4 - INDEX TERM--UNCONTROLLED | |
| Uncontrolled term | Malpractice |
| 700 0# - ADDED ENTRY--PERSONAL NAME | |
| Personal name | Eman Abdelfattah Elzohairy , |
| Relator term | |
| 700 0# - ADDED ENTRY--PERSONAL NAME | |
| Personal name | Eman Muhammed Fawzy Gaballah , |
| Relator term | |
| 700 0# - ADDED ENTRY--PERSONAL NAME | |
| Personal name | Ghada Hassaballah Abdullah Hasabo , |
| Relator term | |
| 856 ## - ELECTRONIC LOCATION AND ACCESS | |
| Uniform Resource Identifier | <a href="http://172.23.153.220/th.pdf">http://172.23.153.220/th.pdf</a> |
| 905 ## - LOCAL DATA ELEMENT E, LDE (RLIN) | |
| Cataloger | Enas |
| Reviser | Cataloger |
| 905 ## - LOCAL DATA ELEMENT E, LDE (RLIN) | |
| Cataloger | Nazla |
| Reviser | Revisor |
| 942 ## - ADDED ENTRY ELEMENTS (KOHA) | |
| Source of classification or shelving scheme | Dewey Decimal Classification |
| Koha item type | Thesis |
| Source of classification or shelving scheme | Not for loan | Home library | Current library | Date acquired | Full call number | Barcode | Date last seen | Koha item type | Copy number |
|---|---|---|---|---|---|---|---|---|---|
| Dewey Decimal Classification | المكتبة المركزبة الجديدة - جامعة القاهرة | قاعة الرسائل الجامعية - الدور الاول | 11.02.2024 | Cai01.11.13.M.Sc.2016.He.A | 01010110070936000 | 22.09.2023 | Thesis | ||
| Dewey Decimal Classification | المكتبة المركزبة الجديدة - جامعة القاهرة | مخـــزن الرســائل الجـــامعية - البدروم | 11.02.2024 | Cai01.11.13.M.Sc.2016.He.A | 01020110070936000 | 22.09.2023 | CD - Rom | 70936.CD |